LEADER 01573nlm 2200361Ia 450 001 996509271503316 005 20230221083022.0 100 $a19910315d1640---- uy | 101 0 $aeng 102 $aNL 135 $adrcnu 200 1 $a<> booke of psalmes$fcollected into English meeter, by Thomas Sternhold, Iohn Hopkins, and others, conferred with the Hebrew, with apt notes to sing them withall ; set forth and allowed to be sung in all churches, of the people together, before and after morning and evening prayer, as also before and after sermon, and moreover in private houses, for their godly solace and comfort, laying apart all ungodly songs and ballads, which tend onely to the nourishment of vice, and corrupting of youth 210 1 $a[Amsterdam$cJ.F. Stam$dnot before 1640] 215 $aTesto elettronico (PDF) ([10], 93 [i.e. 91], [11]) 230 $aBase dati testuale 300 $aImpronta suggerita da STC (2a ed.) 300 $aFirme: LA-SOL? 300 $aPagina 91 numerata erroneamente come 93 300 $aInclude indice 300 $aRiproduzione dell'originale nella British Library 300 $aAltri collaboratori: Hopkins, John, d. 1570. 606 0 $aSalteri$2BNCF 676 $a264.15 700 1$aSternhold$bThomas$fd. 1549.$0793129 701 1$aHopkins$bJohn$fd. 1570.$0793130 702 1$aSTERNHOLD,$bThomas$fd. 1549 702 1$aHOPKINS,$bJohn$fd. 1570 801 0$aIT$bcba$cREICAT 912 $a996509271503316 959 $aEB 969 $aER 996 $aBooke of psalmes$93009037 997 $aUNISA LEADER 03200nam 22007091 450 001 9910786576303321 005 20200514202323.0 010 $a1-84731-975-0 010 $a1-4742-0079-6 010 $a1-283-86340-5 010 $a1-84731-974-2 024 7 $a10.5040/9781474200790 035 $a(CKB)2670000000308503 035 $a(EBL)1080418 035 $a(OCoLC)823386074 035 $a(SSID)ssj0000783620 035 $a(PQKBManifestationID)12386586 035 $a(PQKBTitleCode)TC0000783620 035 $a(PQKBWorkID)10760306 035 $a(PQKB)10713102 035 $a(MiAaPQ)EBC1772938 035 $a(MiAaPQ)EBC1080418 035 $a(Au-PeEL)EBL1772938 035 $a(CaPaEBR)ebr10632229 035 $a(CaONFJC)MIL417590 035 $a(OCoLC)893332414 035 $a(UkLoBP)bpp09256936 035 $a(MiAaPQ)EBC6165442 035 $a(Au-PeEL)EBL1080418 035 $a(EXLCZ)992670000000308503 100 $a20140929d2012 uy 0 101 0 $aeng 135 $aur|n|---||||| 181 $ctxt 182 $cc 183 $acr 200 00$aLandmark cases in equity /$fedited by Charles Mitchell and Paul Mitchell 205 $a1st ed. 210 1$aOxford ;$aPortland, Oregon :$cHart Publishing,$d2012. 215 $a1 online resource (751 p.) 225 1 $aLandmark Cases 300 $aPapers presented at a 2-day conference at the Faculty of Laws, University College of London. 311 $a1-84946-154-6 320 $aIncludes bibliographical references and index. 327 $aCover; Prelims; Preface; Contents; Contributors; Table of Cases; Table of Legislation; 1. The Earl of Oxford's Case (1615); 2. Coke v Fountaine (1676); 3. Grey v Grey (1677); 4. Penn v Lord Baltimore (1750); 5. Burgess v Wheate (1759); 6. Morice v Bishop of Durham (1805); 7. Tulk v Moxhay (1848); 8. Prince Albert v Strange (1849); 9. Ramsden v Dyson (1866); 10. Bishop of Natal v Gladstone (1866); 11. Earl of Aylesford v Morris (1873); 12. Re Hallett's Estate (1879-80); 13. North-West Transportation Co Ltd v Beatty (1887); 14. Rochefoucauld v Boustead (1897); 15. Re Earl of Sefton (1898) 327 $a16. Nocton v Lord Ashburton (1914)17. Regal (Hastings) Ltd v Gulliver (1942); 18. National Anti-Vivisection Society v Inland Revenue Commissioners (1948); 19. National Provincial Bank Ltd v Ainsworth (1965); 20. Boardman v Phipps (1967); 21. Pettitt v Pettitt (1970) and Gissing v Gissing (1971); 22. Paragon Finance plc v DB Thakerar & Co (a firm) (1999); Index 330 $aContinuing in the 'Landmark Cases' series, this is a collection of essays on a series of landmark cases in the development of equitable doctrine running from the seventeenth century to recent times. 410 0$aLandmark Cases 606 $aEquity$zEngland$vCases 606 $aEquity$zWales$vCases 615 0$aEquity 615 0$aEquity 676 $a346.42/004 702 $aMitchell$b Charles$g(Charles Christopher James), 702 $aMitchell$b Paul$f1972- 801 0$bUtOrBLW 801 1$bUtOrBLW 801 2$bUkLoBP 906 $aBOOK 912 $a9910786576303321 996 $aLandmark cases in equity$93747380 997 $aUNINA